000 02430nam a2200265 a 4500
001 000002007
005 20250703095051.0
008 090630s2007 dr 000 0 spa d
040 _aDO-SdBNP
_bspa
_cBNPHU
082 _a172
_bS583e
100 1 _a Silié Gatón, José A.,
_d1920-2014
_9747
245 1 0 _aÉtica en política /
_cJosé A. Silié Gatón ; prólogo Mario Read Vittini.
260 _aSanto Domingo :
_bCentenario,
_c2007.
300 _a481 p. ;
_c23 cm.
490 1 _aVaganiona
504 _aBibliografía: p. 478-481
505 0 _aPrólogo -- Prefacio -- Consideraciones generales -- Ética política -- Dignidad política -- Desarrollo político -- Democracia política -- Lealtad política -- Transfuguismo político -- Liberación ética de los partidos -- Dirección moral de partidos -- Credibilidad política -- Propuestas políticas -- El temor de ser político militante -- El orgullo de ser político -- Promoción política -- Prestigio de los partidos -- Comportamiento de altura política -- Moral política -- El crédito político -- Liberación moral -- La excitación del político -- Sensibilidad del político -- El pensamiento político -- Descrédito de los partidos políticos -- Adhesión política -- Racionalidad de los partidos -- La seguridad política -- Prestancia política -- Conceptos políticos.
505 0 _aLa gestión política -- Escisión política -- Excitación desfavorables del político -- Aspiración del éxito -- La unión -- Desarrollo moral -- Moderación política -- Lasitud del político -- Concertación o conciliciación política -- Apertura de los partidos -- Proselitismo -- El líder y el liderazgo -- Los pensadores -- Sociología política -- La pasión política -- La creatividad y el desarrollo -- Un régimen ideal -- Situaciones de hecho -- Propuestas convencionales -- La postulación -- El futuro candidato -- Las manifestaciones políticas -- Participación de partidos en elecciones -- El fraude electoral -- La compraventa del voto -- Corrupción, política y democracia -- La concertación -- Estado de derecho -- La comunicación y la práctica política -- La comprensión --Bibliografía.
590 _aInventariado, 2018/MFF
650 0 _aÉtica política
_91332
650 4 _aActitudes políticas
_96490
700 1 _aRead Vittini, Mario,
_d1926-2010
_epról.
_91841
830 0 _aVaganiona
_9755
910 _aJornada de catalogación
999 _c1872
_d1872